000 00536nam a2200181Ia 4500
005 20260429112231.0
008 260429s9999||||xx |||||||||||||| ||und||
020 _a9788126206693
041 _aHindi
082 _a891.433
_bSIN
100 _aसिंह, दूधनाथ
245 0 _aआख़री कलाम /
_cदूधनाथ सिंह
250 _a4th ed.
260 _aनई दिल्ली :
_bराजकमल प्रकाशन,
_c2024.
300 _a435 p.; Hb
650 _aNovel
942 _cTB
999 _c53038
_d53038